|
|
|
|
| LEADER |
01852nam a2200421 i 4500 |
| 001 |
EBC5787222 |
| 003 |
MiAaPQ |
| 005 |
20200520144314.0 |
| 006 |
m o d | |
| 007 |
cr cnu|||||||| |
| 008 |
190628s2019 gw o 000 0 ger d |
| 020 |
|
|
|z 9783110557923
|
| 020 |
|
|
|a 9783110560510 (e-book)
|
| 035 |
|
|
|a (MiAaPQ)EBC5787222
|
| 035 |
|
|
|a (Au-PeEL)EBL5787222
|
| 035 |
|
|
|a (OCoLC)1101564711
|
| 040 |
|
|
|a MiAaPQ
|b eng
|e rda
|e pn
|c MiAaPQ
|d MiAaPQ
|
| 043 |
|
|
|a e------
|
| 050 |
|
4 |
|a D1058
|b .M334 2019
|
| 082 |
0 |
|
|a 327.4
|2 23
|
| 245 |
0 |
0 |
|a Machineries of persuasion :
|b European soft power and public diplomacy during the Cold War /
|c edited by Oscar J. Martin Garcia and Rosa Magnusdottir.
|
| 264 |
|
1 |
|a Berlin ;
|a Boston :
|b De Gruyter Oldenbourg,
|c [2019]
|
| 264 |
|
4 |
|c 2019
|
| 300 |
|
|
|a 1 online resource (222 pages).
|
| 336 |
|
|
|a text
|b txt
|2 rdacontent
|
| 337 |
|
|
|a computer
|b c
|2 rdamedia
|
| 338 |
|
|
|a online resource
|b cr
|2 rdacarrier
|
| 490 |
1 |
|
|a Rethinking the Cold War ;
|v 3
|
| 588 |
|
|
|a Description based on print version record.
|
| 590 |
|
|
|a Electronic reproduction. Ann Arbor, MI : ProQuest, 2018. Available via World Wide Web. Access may be limited to ProQuest affiliated libraries.
|
| 651 |
|
0 |
|a Europe
|x Foreign relations
|y 1945-
|
| 655 |
|
4 |
|a Electronic books.
|
| 700 |
1 |
|
|a Magnusdottir, Rosa,
|e editor.
|
| 700 |
1 |
|
|a Martin Garcia, Oscar J.,
|e editor.
|
| 776 |
0 |
8 |
|i Print version:
|t Machineries of persuasion : European soft power and public diplomacy during the Cold War.
|d Berlin ; Boston : De Gruyter Oldenbourg, c2019
|h 222 pages
|k Rethinking the Cold War (Berlin, Germany) ; 3.
|z 9783110557923
|w (DLC) 2018952979
|
| 797 |
2 |
|
|a ProQuest (Firm)
|
| 830 |
|
0 |
|a Rethinking the Cold War (Berlin, Germany) ;
|v 3.
|
| 856 |
4 |
0 |
|u https://ebookcentral.proquest.com/lib/matrademy/detail.action?docID=5787222
|z Click to View
|